[Event "2008 Standard Chess Dropout Tournament, Round 2"]
[Site "SchemingMind.com"]
[Date "2008.03.22"]
[Round "2"]
[White "dmichael"]
[Black "badbishop"]
[Result "1-0"]
[WhiteCountry "USA"]
[BlackCountry "POL"]
[WhiteElo "2444"]
[WhiteRD "89"]
[BlackElo "2225"]
[BlackRD "64"]
[GameID "146371"]

1. d4 Nf6 2. c4 e6 3. Nf3 Bb4+ 4. Bd2 Qe7 5. g3 O-O 6. Bg2 Bxd2+ 7. Qxd2 d6 8. Nc3 e5 9. O-O Bg4 10. dxe5 dxe5
11. Rad1 Nc6 12. Nd5 Nxd5 13. cxd5 Bxf3 14. exf3 Nd4 15. f4 f6 16. fxe5 fxe5 17. f4 Nf5 18. fxe5 Qxe5 19. Bh3 Rad8 20. Qf4 Qxf4
21. Rxf4 g6 22. Rdf1 Ng7 23. Rxf8+ Rxf8 24. Rc1 Rf7 25. Rc3 Nf5 26. Bxf5 gxf5 27. Kf2 Kg7 28. Kf3 Kf6 29. Rb3 b6 30. Re3 Rd7
31. Re6+ Kf7 32. Re5 Kg6 33. Kf4 Rf7 34. Re6+ Kg7 35. b4 a6 36. a4 Rd7 37. Ke5 a5 38. b5
1-0

[Event "2008 Standard Chess Dropout Tournament, Round 2"]
[Site "SchemingMind.com"]
[Date "2008.03.18"]
[Round "2"]
[White "Dr_Pat"]
[Black "acbrasileiro"]
[Result "1-0"]
[WhiteCountry "USA"]
[BlackCountry "BRA"]
[WhiteElo "1992"]
[WhiteRD "50"]
[BlackElo "1895"]
[BlackRD "105"]
[GameID "146372"]

1. d4 d5 2. c4 e6 3. Nc3 Nf6 4. Bg5 Be7 5. e3 O-O 6. Nf3 h6 7. Bh4 Ne4 8. Bxe7 Qxe7 9. cxd5 Nxc3 10. bxc3 exd5
11. Bd3 Nd7 12. O-O Nf6 13. Re1 Bg4 14. a4 a5 15. h3 Bxf3 16. Qxf3 c6 17. c4 dxc4 18. Bxc4 Ne4 19. Rac1 Nd2 20. Qe2 Nxc4
21. Qxc4 Qb4 22. Qc2 Rad8 23. Rb1 Qe7 24. Rec1 Rd5 25. Qb3 Rd7 26. Rc5 Ra8 27. Re5 Qd6 28. Qc3 Qc7 29. Qc5 b5 30. axb5 cxb5
31. Qa3 b4 32. Rxb4 axb4 33. Qxa8+ Kh7 34. Qe4+ g6 35. Rb5 Qc4 36. Rc5 Qa2 37. Rc8 Qe6 38. Qxe6 fxe6 39. Rb8 g5 40. Rxb4 Kg6
41. g4 Kf6 42. Kg2 Rc7 43. Kf3 Rc3 44. Rb6
1-0

[Event "2008 Standard Chess Dropout Tournament, Round 2"]
[Site "SchemingMind.com"]
[Date "2008.03.17"]
[Round "2"]
[White "Dreadtower"]
[Black "hessonchess"]
[Result "1/2-1/2"]
[WhiteCountry "ENG"]
[BlackCountry "USA"]
[WhiteElo "1814"]
[WhiteRD "107"]
[BlackElo "1602"]
[BlackRD "90"]
[GameID "146373"]

1. e4 g6 2. d4 Nf6 3. e5 Nh5 4. Be2 d6 5. exd6 Qxd6 6. Nf3 Nf4 7. Bxf4 Qxf4 8. O-O Bg7 9. Nbd2 Bxd4 10. c3 Bg7
11. Re1 O-O 12. Bc4 Qd6 13. Qb3 Nc6 14. Ne4 Qf4 15. Neg5 e6 16. Rad1 h6 17. g3 Qf5 18. Nxe6 Bxe6 19. Rxe6 Qxf3 20. Bd5 Qg4
21. Re4 Qd7 22. Bc4 Qc8 23. Bd5 Na5 24. Qb4 Nc6 25. Qa4 Ne5 26. Kg2 c6 27. Bb3 Qf5 28. Rf4 Qc8 29. Bc2 b5 30. Qb3 a5
31. a4 Qb7 32. c4 Rfe8 33. cxb5 Rad8 34. Rxd8 Rxd8 35. Be4 Qd7 36. bxc6 Nxc6 37. Bxg6 Ne5 38. Bb1 Nd3 39. Bxd3 Qxd3 40. Qxf7+ Kh8
41. Rg4 Qd5+ 42. Qxd5 Rxd5 43. b4 axb4 44. Rxb4 Rd2 45. Rf4 Ra2 46. Kh3 Kh7 47. Kg4 Kg6 48. Rf5 Rxa4+ 49. f4 Bf6 50. Rb5 Rc4
51. h4 Be7 52. h5+ Kf7= 53. Kf5 Rc5+ 54. Rxc5 Bxc5 55. g4 Be3 56. g5 hxg5 57. fxg5 Bxg5= 58. Kxg5 Kg7 59. h6+=
1/2-1/2

[Event "2008 Standard Chess Dropout Tournament, Round 2"]
[Site "SchemingMind.com"]
[Date "2008.03.20"]
[Round "2"]
[White "echecs"]
[Black "calidore"]
[Result "0-1"]
[WhiteCountry "ENG"]
[BlackCountry "ISR"]
[WhiteElo "1687"]
[WhiteRD "60"]
[BlackElo "1983"]
[BlackRD "62"]
[GameID "146374"]

1. e4 Nf6 2. e5 Nd5 3. Nc3 Nxc3 4. bxc3 d6 5. f4 dxe5 6. fxe5 Nc6 7. Qe2 Bf5 8. d4 e6 9. Nf3 Be7 10. Qf2 Qd5
11. Bd3 Bxd3 12. cxd3 Qb5 13. O-O Qxd3 14. Bb2 Qg6 15. Nh4 Bxh4 16. Qf4 O-O 17. Qxh4 Rfe8 18. Rf3 Ne7 19. Rg3 Qc2 20. Bc1 Nf5
21. Qg4 Nxg3 22. Qxg3 Rad8 23. Bg5 Rd5 24. Rc1 Qg6 25. Qh4 h6 26. Be3 Rb5 27. Qe1 Rb2 28. g3 Qe4 29. Bd2 Qxe1+ 30. Bxe1 Rxa2
31. Rb1 b6 32. h4 Rd8 33. g4 Rd5 34. Bf2 Rda5 35. Kg2 Rc2 36. Kf1 Rxc3 37. Be1 Rf3+ 38. Kg2 Raa3 39. Rc1 Rfe3 40. Bf2 Rec3
41. Re1 Ra2 42. Rf1 Rd3 43. Kg1 a5
0-1

[Event "2008 Standard Chess Dropout Tournament, Round 2"]
[Site "SchemingMind.com"]
[Date "2008.03.18"]
[Round "2"]
[White "ekulrac"]
[Black "29A"]
[Result "0-1"]
[WhiteCountry "SCO"]
[BlackCountry "CAN"]
[WhiteElo "1744"]
[WhiteRD "66"]
[BlackElo "1832"]
[BlackRD "78"]
[GameID "146375"]

1. e4 c5 2. Nf3 d6 3. d4 cxd4 4. Nxd4 Nf6 5. Nc3 e6 6. Be2 Be7 7. g4 Nc6 8. g5 Nd7 9. Nf3 O-O 10. Bf4 Nb6
11. h4 a6 12. Rg1 d5 13. e5 Nc4 14. h5 Nxb2 15. Qc1 Ba3 16. g6 Nd3+ 17. Bxd3 Bxc1 18. gxh7+ Kh8 19. Rxc1 Bd7 20. h6 g6
21. Bxg6 fxg6 22. Rxg6 Rxf4 23. Ng5 Qa5
0-1

[Event "2008 Standard Chess Dropout Tournament, Round 2"]
[Site "SchemingMind.com"]
[Date "2008.03.20"]
[Round "2"]
[White "fer_even"]
[Black "king3012"]
[Result "1-0"]
[WhiteCountry "ARG"]
[BlackCountry "AUT"]
[WhiteElo "2526"]
[WhiteRD "95"]
[BlackElo "2437"]
[BlackRD "109"]
[GameID "146376"]

1. d4 Nf6 2. c4 e6 3. Nf3 b6 4. g3 c5 5. Bg2 Bb7 6. d5 exd5 7. Nh4 g6 8. Nc3 Bg7 9. O-O O-O 10. cxd5 d6
11. Re1 Nbd7 12. Bf4 Ne5 13. Nf3 Nfg4 14. Nxe5 dxe5 15. Bd2 f5 16. e4 Qd7 17. f3 Nf6 18. a4 Ne8 19. Be3 Nd6 20. a5 Ba6
21. Bf2 f4 22. Na4 Bb5 23. axb6 fxg3 24. Bxc5 axb6 25. Nxb6 Rxa1 26. Nxd7 Rxd1 27. Rxd1 gxh2+ 28. Kxh2 Bxd7 29. Bxd6 Ra8 30. Bf1 Kf7
31. Rb1 Bf6 32. b4 Ra2+ 33. Kg1 Bd8 34. Bxe5 Bb6+ 35. Kh1 Rf2 36. Bd6 Rxf3 37. e5 g5 38. Bc5 Bc7 39. e6+ Bxe6 40. Bc4 Rh3+
41. Kg2 Rh2+ 42. Kg1 Bxd5 43. Bxd5+ Kg6 44. b5 Rd2 45. Be4+ Kf6 46. Bxh7 Bh2+ 47. Kf1 Rd5 48. Bf2 g4 49. b6 Bb8 50. Be4 Rd2
51. b7 Kf7 52. Rc1 Rb2 53. Rc8 Be5 54. Bd4 Bxd4 55. b8=Q Rxb8 56. Rxb8 g3 57. Bg2 Be5 58. Rb6 Ke7 59. Ke2 Bd4 60. Rc6 Kd7
61. Kd3 Bf2 62. Kc4 Kd8 63. Kd5 Ke7 64. Ke5 Kd7 65. Rg6 Kc7 66. Rd6 Bg1 67. Ke6 Bf2 68. Rc6+ Kb7 69. Kd7 Bb6 70. Rc3+ Ka6
71. Rxg3
1-0

[Event "2008 Standard Chess Dropout Tournament, Round 2"]
[Site "SchemingMind.com"]
[Date "2008.03.17"]
[Round "2"]
[White "fishofchaos"]
[Black "Mitchell-in"]
[Result "1-0"]
[WhiteCountry "ENG"]
[BlackCountry "ENG"]
[WhiteElo "1857"]
[WhiteRD "69"]
[BlackElo "1666"]
[BlackRD "64"]
[GameID "146377"]

1. d4 d5 2. c4 e6 3. Nc3 Nf6 4. cxd5 exd5 5. Bg5 Nbd7 6. e3 c6 7. Bd3 Be7 8. Qc2 O-O 9. Nf3 Re8 10. O-O Nf8
11. h3 Ne6 12. Bxf6 Bxf6 13. Bxh7+ Kh8 14. Bd3 Ng5 15. Nxg5 Bxg5 16. b4 Qd6 17. Qd1 Qxb4 18. Qh5+ Bh6 19. Qxf7 Bxh3 20. Nxd5 cxd5
21. Rab1 Qe7 22. Qg6 Kg8 23. gxh3 b6 24. Qh7+ Kf8 25. Rfc1
1-0

[Event "2008 Standard Chess Dropout Tournament, Round 2"]
[Site "SchemingMind.com"]
[Date "2008.03.17"]
[Round "2"]
[White "fjpv"]
[Black "Brennan Price"]
[Result "1/2-1/2"]
[WhiteCountry "POR"]
[BlackCountry "USA"]
[WhiteElo "2332"]
[WhiteRD "88"]
[BlackElo "2022"]
[BlackRD "83"]
[GameID "146378"]

1. e4 c5 2. d4 cxd4 3. c3 dxc3 4. Nxc3 Nc6 5. Nf3 d6 6. Bc4 a6 7. O-O Nf6 8. Bf4 Bg4 9. Qb3 e6 10. Be2 Qb8
11. Rfd1 Be7 12. h3 Bh5 13. Rd2 O-O 14. Rad1 Rd8 15. Qc4 Bxf3 16. Bxf3 Ne5 17. Qe2 b5 18. a3 Rc8 19. Rc1 Nxf3+ 20. Qxf3 a5
21. Rdc2 Qb7 22. e5 Qxf3 23. gxf3 dxe5 24. Bxe5 Rc5 25. Bd4 Rg5+= 26. Kf1 Kf8 27. Ne4 Rd5 28. Bb6 Ne8 29. Kg2 a4 30. Rc6 f5
31. Nc5 e5 32. Ne6+ Kf7 33. Nc7 Nxc7 34. Rxc7 Ke8 35. h4 Rad8 36. Bc5 Bxc5 37. R1xc5 g6 38. Rxd5 Rxd5 39. Rxh7 Rd2 40. Rg7 Rxb2
41. Rxg6 Kf7 42. Rg5 Kf6 43. Rg8 Kf7 44. Rg5 Kf6=
1/2-1/2

[Event "2008 Standard Chess Dropout Tournament, Round 2"]
[Site "SchemingMind.com"]
[Date "2008.03.22"]
[Round "2"]
[White "flodur"]
[Black "Apocalypse"]
[Result "0-1"]
[WhiteCountry "AUS"]
[BlackCountry "USA"]
[WhiteElo "2022"]
[WhiteRD "96"]
[BlackElo "2365"]
[BlackRD "72"]
[GameID "146379"]

1. e4 e6 2. d4 c5 3. Nf3 cxd4 4. Nxd4 a6 5. Bd3 Bc5 6. Nb3 Ba7 7. Qe2 d6 8. Be3 Nf6 9. Bxa7 Rxa7 10. c4 O-O
11. O-O Nc6 12. Qe3 d5 13. exd5 exd5 14. cxd5 Nxd5 15. Qc5 Ndb4 16. Be4 b6 17. Qc1 Ne5 18. Nc3 f5 19. Rd1 Rd7 20. Rxd7 Qxd7
21. Bb1 Rf6 22. a3 Rg6 23. axb4 Bb7 24. Qf4 Bxg2 25. Qxe5 Bd5+ 26. Qg3 Bxb3 27. Ba2 Bxa2 28. Rxa2 f4 29. Qxg6 hxg6
0-1

[Event "2008 Standard Chess Dropout Tournament, Round 2"]
[Site "SchemingMind.com"]
[Date "2008.03.18"]
[Round "2"]
[White "fouche"]
[Black "willygor"]
[Result "0-1"]
[WhiteCountry "COL"]
[BlackCountry "ARG"]
[WhiteElo "1723"]
[WhiteRD "70"]
[BlackElo "1799"]
[BlackRD "93"]
[GameID "146380"]

1. d4 g6 2. c4 Bg7 3. Nc3 e6 4. Nf3 Nf6 5. e4 O-O 6. Bd3 d6 7. O-O Ne8 8. Be3 b6 9. Rc1 Bb7 10. Qc2 Nd7
11. Rfe1 c5 12. d5 e5 13. Ng5 Ndf6 14. h3 Bc8 15. f4 exf4 16. Bxf4 Nh5 17. Bh2 Bd4+ 18. Kh1 Qxg5 19. Ne2 Be5 20. Bxe5 Qxe5
21. Qd2 Ng3+ 22. Nxg3 Qxg3 23. Re3 Qe5 24. Rf3 Ng7 25. Rcf1 Nh5 26. g4 Ng3+ 27. Kg2 Nxf1 28. Rxf1 Bd7 29. Rf3 f6
0-1

[Event "2008 Standard Chess Dropout Tournament, Round 2"]
[Site "SchemingMind.com"]
[Date "2008.03.23"]
[Round "2"]
[White "fourluxflakes"]
[Black "heuschrecke"]
[Result "0-1"]
[WhiteCountry "ENG"]
[BlackCountry "GER"]
[WhiteElo "1888"]
[WhiteRD "75"]
[BlackElo "2457"]
[BlackRD "86"]
[GameID "146381"]

1. e4 c5 2. Nf3 d6 3. Bb5+ Bd7 4. Bxd7+ Qxd7 5. O-O Nc6 6. c3 Nf6 7. d4 Nxe4 8. d5 Ne5 9. Nxe5 dxe5 10. Re1 Nd6
11. Rxe5 g6 12. Bg5 O-O-O 13. Re1 Nc4 14. b3 Nb2 15. Qe2 Qxd5 16. Bxe7 Bxe7 17. Qxe7 Nd3 18. Rf1 Nf4 19. f3 Rhe8 20. Qh4 g5
21. Qg4+ Kb8 22. Na3 h5 23. Qg3 h4 24. Qg4 Re2 25. Rf2 Rxf2 26. Kxf2 Qd2+ 27. Kg1 f5
0-1

[Event "2008 Standard Chess Dropout Tournament, Round 2"]
[Site "SchemingMind.com"]
[Date "2008.03.17"]
[Round "2"]
[White "Gordon"]
[Black "Lanaroon"]
[Result "1-0"]
[WhiteCountry "ENG"]
[BlackCountry "ENG"]
[WhiteElo "2333"]
[WhiteRD "78"]
[BlackElo "1543"]
[BlackRD "93"]
[GameID "146382"]

1. e4 e5 2. Nf3 Nc6 3. d4 d5 4. exd5 Nxd4 5. Nxd4 exd4 6. Qxd4 Be6 7. Nc3 c5 8. Qe5 Qe7 9. dxe6 Qxe6 10. Qxe6+ fxe6
11. Bc4 e5 12. O-O Rd8 13. Be3 Nf6 14. Rad1 Be7 15. Rxd8+ Kxd8 16. Rd1+ Kc7 17. f3 a6 18. Nd5+ Nxd5 19. Rxd5 Rd8 20. Rxe5 Bd6
21. Rg5 b5 22. Rxg7+ Kb6 23. Bd3 a5 24. Rxh7 Kc6 25. g4 Be5 26. f4 Bxb2 27. g5 a4 28. f5 c4 29. Be4+ Kd6 30. f6 Bxf6
31. gxf6 b4 32. f7 b3 33. cxb3
1-0

[Event "2008 Standard Chess Dropout Tournament, Round 2"]
[Site "SchemingMind.com"]
[Date "2008.03.17"]
[Round "2"]
[White "GrischukFan"]
[Black "Gordon"]
[Result "1/2-1/2"]
[WhiteCountry "GER"]
[BlackCountry "ENG"]
[WhiteElo "2248"]
[WhiteRD "86"]
[BlackElo "2312"]
[BlackRD "85"]
[GameID "146383"]

1. e4 e5 2. Nf3 Nc6 3. Bb5 a6 4. Ba4 Nf6 5. O-O Be7 6. Re1 b5 7. Bb3 O-O 8. c3 d5 9. exd5 Nxd5 10. Nxe5 Nxe5
11. Rxe5 c6 12. d4 Bd6 13. Re1 Qh4 14. g3 Qh3 15. Re4 g5 16. Qf1 Qh5 17. f3 Bf5 18. Nd2 Nf6 19. Qg2 Qg6 20. g4 Bxe4
21. fxe4 Bf4 22. e5 Rae8 23. Nf1 Nd5 24. Bc2 Qh6 25. Bf5 Rd8 26. Ng3 c5 27. Be4 Bxg3 28. hxg3 Ne7 29. Be3 cxd4 30. Bxd4 Qe6
31. Qf3 b4 32. Bc2 a5 33. Qe4 Qg6 34. Qe2 Qc6 35. Rf1 bxc3 36. Rf6 Qc7 37. Qe4 Ng6 38. bxc3 Rfe8 39. Bb3 Nxe5 40. Rh6 Rxd4
41. Qxh7+ Kf8 42. Qh8+ Ke7 43. Qf6+ Kd7 44. Qf5+ Kd8 45. cxd4 Qc1+ 46. Kg2 Qd2+ 47. Kh3 Qxd4 48. Bxf7 Nxf7 49. Qxf7 Rh8 50. Rh5 Qa1
51. Qd5+ Kc7 52. Qxa5+ Kb7 53. Qd5+ Kb6 54. Qb3+ Ka5 55. Kg2 Qe5 56. Qc2 Qd5+ 57. Kh2 Qe5 58. a3 Kb5 59. Kh3 Qf6 60. Kg2 Rf8
61. Qb3+ Ka6 62. Qc4+ Ka5 63. Rxg5+ Qxg5 64. Qb4+ Ka6 65. Qxf8 Qxg4 66. Qd6+ Ka7 67. Qf4 Qe6 68. g4 Qc6+ 69. Qf3 Qg6 70. a4 Qg7
71. a5 Ka6 72. Qa8+ Kb5 73. Qd5+ Ka6 74. g5 Qb2+ 75. Kg3 Qb8+ 76. Kg4 Qc8+ 77. Kf4 Qf8+ 78. Ke4 Qe7+ 79. Kd4 Qg7+ 80. Kc5 Qa7+
81. Kd6 Qb8+ 82. Kd7 Qh8 83. Qd3+ Kxa5 84. g6 Qg7+ 85. Ke6 Kb4 86. Qd6+ Kb3 87. Qd5+ Kc2 88. Qf5+ Kc1 89. Qf6 Qg8+ 90. Ke7 Qb8
91. g7 Qc7+ 92. Kf8 Qc8+ 93. Kf7 Qd7+ 94. Kg6 Qd3+ 95. Qf5 Qd6+ 96. Kg5 Qg3+ 97. Kf6 Qd6+ 98. Qe6 Qf4+ 99. Ke7 Qg5+ 100. Kf7 Qf4+
101. Ke8 Qb8+ 102. Ke7 Qb4+ 103. Kd8 Qa5+ 104. Ke8 Qa8+ 105. Ke7=
1/2-1/2

[Event "2008 Standard Chess Dropout Tournament, Round 2"]
[Site "SchemingMind.com"]
[Date "2008.03.17"]
[Round "2"]
[White "HanadaNo3"]
[Black "chesshub"]
[Result "1/2-1/2"]
[WhiteCountry "USA"]
[BlackCountry "FRA"]
[WhiteElo "2395"]
[WhiteRD "79"]
[BlackElo "2381"]
[BlackRD "73"]
[GameID "146384"]

1. e4 c5 2. Nf3 d6 3. d4 cxd4 4. Nxd4 Nf6 5. Nc3 a6 6. Be3 e5 7. Nb3 Be6 8. f3 Be7 9. Qd2 O-O 10. O-O-O Nbd7
11. g4 b5 12. g5 b4 13. Ne2 Ne8 14. f4 a5 15. Kb1 a4 16. Nbc1 exf4 17. Nxf4 Bxg5 18. Qxb4 Bxf4 19. Bxf4 Qf6 20. Nd3 Rb8
21. Qd2 Nc7 22. Rg1 a3 23. b3 Rfc8 24. Bg5 Qd4 25. Be3 Qf6 26. Bg5=
1/2-1/2

[Event "2008 Standard Chess Dropout Tournament, Round 2"]
[Site "SchemingMind.com"]
[Date "2008.03.23"]
[Round "2"]
[White "Harold"]
[Black "Ashmaster"]
[Result "0-1"]
[WhiteCountry "GBR"]
[BlackCountry "IRL"]
[WhiteElo "1533"]
[WhiteRD "102"]
[BlackElo "1835"]
[BlackRD "89"]
[GameID "146385"]

1. e4 e5 2. Nf3 Nc6 3. Bb5 a6 4. Ba4 Nf6 5. O-O d6 6. Re1 b5 7. Bb3 Na5 8. c3 Nxb3 9. Qxb3 c5 10. d4 Qc7
11. Nbd2 Be7 12. c4 cxd4 13. cxb5 Rb8 14. Ng5 O-O 15. Qc4 Qxc4 16. Nxc4 axb5 17. Na5 Bb7 18. Nxb7 Rxb7 19. Bd2 h6 20. Nf3 Rc8
21. Nh4 Rc2 22. Nf5 Rxd2 23. Nxe7+ Rxe7 24. b3 Rc7 25. a4 bxa4 26. Rxa4 Rb2
0-1

[Event "2008 Standard Chess Dropout Tournament, Round 2"]
[Site "SchemingMind.com"]
[Date "2008.03.19"]
[Round "2"]
[White "harsh"]
[Black "bull mccabe"]
[Result "0-1"]
[WhiteCountry "IND"]
[BlackCountry "IRL"]
[WhiteElo "2039"]
[WhiteRD "87"]
[BlackElo "1663"]
[BlackRD "83"]
[GameID "146386"]

1. e4 c5 2. Nf3 Nc6 3. d4 cxd4 4. Nxd4 e5 5. Nb5 d6 6. N1c3 Nf6 7. Bg5 a6 8. Bxf6 gxf6 9. Na3 b5 10. Nd5 f5
11. Bxb5 axb5 12. Nxb5 Ra5 13. a4 Ba6 14. Nbc7+ Kd7 15. Nxa6 Rxa6 16. b4 Nd4 17. c3 Ne6 18. Qh5 Qg5 19. Qxf7+ Be7 20. b5 Ra7
21. Nb6+ Kc7 22. Qxe6 Kxb6 23. Qd5 Rc8 24. a5+ Rxa5 25. Rxa5 Qc1+ 26. Ke2 Qc2+ 27. Qd2 Qxd2+ 28. Kxd2 Kxa5 29. exf5 Kxb5 30. h4 Ra8
31. g4 Ra2+ 32. Ke3 Kc4 33. g5 d5 34. g6 Bc5+ 35. Kf3 Rxf2+ 36. Kg4 hxg6 37. fxg6 e4 38. h5 Bf8 39. h6 Rg2+ 40. Kf5 e3
41. g7 Bxg7 42. hxg7 Rxg7 43. Kf4 Re7 44. Kf3 e2 45. Kf2 e1=Q+ 46. Rxe1 Rxe1 47. Kxe1 Kxc3 48. Kd1 d4
0-1

[Event "2008 Standard Chess Dropout Tournament, Round 2"]
[Site "SchemingMind.com"]
[Date "2008.03.19"]
[Round "2"]
[White "Hawkmanzz"]
[Black "JasonY1982"]
[Result "1-0"]
[WhiteCountry "USA"]
[BlackCountry "USA"]
[WhiteElo "2138"]
[WhiteRD "109"]
[BlackElo "1993"]
[BlackRD "63"]
[GameID "146387"]

1. e4 c5 2. Nc3 e6 3. Nf3 a6 4. d4 cxd4 5. Nxd4 Qc7 6. Qf3 Nc6 7. Be3 b5 8. O-O-O Bb7 9. Nxc6 dxc6 10. e5 Ne7=
11. Ne4 Nd5 12. Qg3 O-O-O 13. Bg5 Rd7 14. c4 h6 15. Bd2 bxc4 16. Bxc4 Kb8 17. Rhe1 Rg8 18. Kb1 Be7 19. Bxh6 g6 20. Bg5 Bxg5
21. Qxg5 Rh8 22. Nc5 Rdd8 23. Rc1 Ka7 24. Qg3 Nb6 25. Bxe6 fxe6 26. Nxe6 Qf7 27. Nxd8 Rxd8 28. e6 Qf5+ 29. Rc2 Nd5 30. Re5 Qf6
31. Qg5 Re8 32. Rxd5
1-0

[Event "2008 Standard Chess Dropout Tournament, Round 2"]
[Site "SchemingMind.com"]
[Date "2008.03.20"]
[Round "2"]
[White "hessonchess"]
[Black "Schaakmaatje"]
[Result "1-0"]
[WhiteCountry "USA"]
[BlackCountry "NED"]
[WhiteElo "1600"]
[WhiteRD "87"]
[BlackElo "1739"]
[BlackRD "49"]
[GameID "146388"]

1. f4 e5 2. fxe5 d6 3. Nf3 dxe5 4. e4 Bg4 5. h3 Bxf3 6. Qxf3 Bc5 7. Bc4 Nf6 8. Nc3 c6 9. Qg3 Qe7 10. Rf1 Nbd7
11. d3 O-O-O 12. Be3 Bxe3 13. Qxe3 Kb8 14. O-O-O Nb6 15. Bb3 Rd7 16. Qg5 Rg8 17. Rf5 h6 18. Qg3 a5 19. Qxe5+ Qxe5 20. Rxe5 Kc7
21. Rf5 a4 22. Nxa4 Nxa4 23. Bxa4 Rf8 24. Bb3 Rfd8 25. e5 Nd5 26. Bxd5 cxd5 27. Rdf1 Re8 28. Rxf7 Rxe5 29. Rxd7+ Kxd7 30. Rf7+ Re7
31. Rxe7+ Kxe7 32. Kd2 Kd6 33. a4 Kc5 34. b3 Kb4 35. d4 g5 36. g4 b6 37. Kd3 Ka3 38. Kc3 Ka2 39. Kb4 Kb2 40. c4
1-0

[Event "2008 Standard Chess Dropout Tournament, Round 2"]
[Site "SchemingMind.com"]
[Date "2008.04.06"]
[Round "2"]
[White "heuschrecke"]
[Black "David Hartley"]
[Result "1-0"]
[WhiteCountry "GER"]
[BlackCountry "ENG"]
[WhiteElo "2457"]
[WhiteRD "86"]
[BlackElo "1847"]
[BlackRD "72"]
[GameID "146389"]

1. e4 e6 2. d4 d5 3. Nc3 Nf6 4. e5 Nfd7 5. f4 c5 6. Nf3 Nc6 7. Be3 a6 8. Qd2 Be7 9. Be2 O-O 10. O-O f6
11. exf6 Rxf6 12. a3 Rf7 13. dxc5 Bxc5 14. Bxc5 Nxc5 15. b4 Nd7 16. Ng5 Re7 17. f5 Nf6 18. fxe6 Bxe6 19. Rad1 Ne5 20. Nxe6 Rxe6
21. Nxd5 Nxd5 22. Qxd5 Qxd5 23. Rxd5 Rc8 24. c4 Ree8 25. c5 Nc6 26. Bg4 Rc7 27. Bd7 Rf8 28. Be6+
1-0

[Event "2008 Standard Chess Dropout Tournament, Round 2"]
[Site "SchemingMind.com"]
[Date "2008.03.17"]
[Round "2"]
[White "Ilang"]
[Black "agoodhobby"]
[Result "1-0"]
[WhiteCountry "HUN"]
[BlackCountry "USA"]
[WhiteElo "2293"]
[WhiteRD "82"]
[BlackElo "1593"]
[BlackRD "57"]
[GameID "146390"]

1. e4 e5 2. Nf3 Nc6 3. Bb5 a6 4. Ba4 Nf6 5. O-O Be7 6. Re1 b5 7. Bb3 O-O 8. c3 d6 9. h3 Na5 10. Bc2 c5
11. d4 Qc7 12. Nbd2 Bd7 13. Nf1 Rfe8 14. Ne3 g6 15. dxe5 dxe5 16. Nh2 Rad8 17. Qf3 Be6 18. Nhg4 Nxg4 19. hxg4 Nc4 20. Nd5 Bxd5
21. exd5 Nb6 22. Rd1 Rd6 23. a4 Qb7 24. axb5 axb5 25. Be4 Ra8 26. Be3 Rxa1 27. Rxa1 Rd8 28. d6 Qd7 29. Bxc5
1-0

[Event "2008 Standard Chess Dropout Tournament, Round 2"]
[Site "SchemingMind.com"]
[Date "2008.03.17"]
[Round "2"]
[White "JasonY1982"]
[Black "GrischukFan"]
[Result "0-1"]
[WhiteCountry "USA"]
[BlackCountry "GER"]
[WhiteElo "2054"]
[WhiteRD "63"]
[BlackElo "2339"]
[BlackRD "87"]
[GameID "146391"]

1. e4 c5 2. Nf3 d6 3. d4 cxd4 4. Nxd4 Nf6 5. Nc3 a6 6. Be3 e6 7. f3 b5 8. Qd2 Nbd7 9. O-O-O Bb7 10. g4 Nb6
11. Qf2 Nfd7 12. h4 Rc8 13. Kb1 b4 14. Nce2 Nc4 15. Bg5 Qb6 16. Rh2 a5 17. Ng3 a4 18. Bc1 d5 19. Bd3 Bc5 20. Bxc4 dxc4
21. Be3 O-O 22. h5 c3 23. h6 g6 24. f4 cxb2 25. Kxb2 e5 26. fxe5 Nxe5 27. Qf4 Nc4+ 28. Ka1 b3 29. cxb3 axb3
0-1

[Event "2008 Standard Chess Dropout Tournament, Round 2"]
[Site "SchemingMind.com"]
[Date "2008.03.18"]
[Round "2"]
[White "jdcald13"]
[Black "KaliYuga"]
[Result "1-0"]
[WhiteCountry "USA"]
[BlackCountry "IRL"]
[WhiteElo "1974"]
[WhiteRD "72"]
[BlackElo "1776"]
[BlackRD "95"]
[GameID "146392"]

1. e4 c5 2. Nc3 Nc6 3. f4 d6 4. Nf3 g6 5. Bb5 Bd7 6. O-O Bg7 7. d3 a6 8. Bxc6 Bxc6 9. Qe1 Nf6 10. Bd2 O-O
11. Qh4 h6 12. f5 g5 13. Bxg5 hxg5 14. Nxg5 Qb6 15. Rab1 c4+ 16. Kh1 cxd3 17. cxd3 Rfc8 18. Rf3 e5 19. fxe6 Rc7 20. exf7+ Rxf7
21. Nxf7 Kxf7 22. Rbf1 Qd4 23. Qh7 Rh8 24. Rxf6+ Qxf6 25. Rxf6+ Kxf6 26. Qf5+ Ke7 27. Nd5+ Bxd5 28. Qxd5 Rb8 29. d4 b5 30. g3 Rd8
31. Qb7+ Rd7 32. Qxa6 Bxd4 33. Qxb5 Rc7 34. h4 Rc1+ 35. Kg2 Rc2+ 36. Kf3 Rxb2 37. Qd5 Rf2+ 38. Kg4 Be5 39. h5 Rg2 40. Qb3 Rb2
41. Qa3 Rh2 42. Qa7+ Kf6 43. a4 Rg2 44. Qe3 Ra2 45. Qf3+ Ke7 46. Qb3 Rb2 47. Qa3 Rc2 48. a5 Rc3 49. Qa4 Rxg3+ 50. Kh4 Rg1
51. a6 Bf6+ 52. Kh3 Rh1+ 53. Kg2 Rxh5 54. a7
1-0

[Event "2008 Standard Chess Dropout Tournament, Round 2"]
[Site "SchemingMind.com"]
[Date "2008.03.22"]
[Round "2"]
[White "Sebastian Strauchler"]
[Black "Kroll"]
[Result "1-0"]
[WhiteCountry "ARG"]
[BlackCountry "POL"]
[WhiteElo "2166"]
[WhiteRD "109"]
[BlackElo "1826"]
[BlackRD "65"]
[GameID "146393"]

1. e4 e6 2. d4 d5 3. Nd2 Nf6 4. e5 Nfd7 5. Bd3 c5 6. c3 Nc6 7. Ne2 cxd4 8. cxd4 Qb6 9. Nf3 f6 10. exf6 Nxf6
11. O-O Bd6 12. Bf4 Bxf4 13. Nxf4 O-O 14. Re1 Ne4 15. g3 g5 16. Bxe4
1-0

[Event "2008 Standard Chess Dropout Tournament, Round 2"]
[Site "SchemingMind.com"]
[Date "2008.03.22"]
[Round "2"]
[White "joralx3"]
[Black "Orange Lion"]
[Result "1-0"]
[WhiteCountry "ARG"]
[BlackCountry "NED"]
[WhiteElo "2431"]
[WhiteRD "88"]
[BlackElo "2255"]
[BlackRD "83"]
[GameID "146394"]

1. e4 e6 2. d4 d5 3. Nc3 Bb4 4. e5 c5 5. a3 Bxc3+ 6. bxc3 Ne7 7. Nf3 Qa5 8. Bd2 Nbc6 9. Be2 c4 10. a4 Bd7
11. Qc1 f6 12. Qa3 Qc7 13. exf6 gxf6 14. O-O e5 15. dxe5 fxe5 16. Rfb1 Rg8 17. Ng5 Rg7 18. Bh5+ Kf8 19. Rb5 Kg8 20. Re1 Rf8
21. Be2 b6 22. Rd1 e4 23. Be3 Ne5 24. Rbxd5 Nxd5 25. Rxd5 Rf5 26. Rxd7 Rxd7 27. Nxe4 Qc6 28. f3 h5 29. Qc1 Kh7 30. Ng3 Rf8
31. Nxh5 Ng6 32. Bd4 Rd5 33. Ng3 Ra5 34. Qe3 Rxa4 35. h4 Rf7 36. Ne4 Kg8 37. Qg5 Ra1+ 38. Kh2 Ra5 39. Qh6 Rd5 40. Ng5 Re7
41. Bxc4 Qxc4 42. Qxg6+ Kf8 43. f4 Qf1 44. Qh6+ Ke8 45. Ne4 Rd8 46. h5 Rf7 47. Nf6+ Ke7 48. Qg5 Qe1 49. h6 Kd6 50. h7 Kc7
51. Qh6 Rff8 52. Ng4 Qe4 53. h8=Q Rxh8 54. Bxh8 Qxc2 55. Qh5 Qd2 56. Be5+ Kb7 57. f5 a5 58. f6 Qd5 59. f7 Rf8 60. Nh6 a4
61. c4
1-0

[Event "2008 Standard Chess Dropout Tournament, Round 2"]
[Site "SchemingMind.com"]
[Date "2008.03.18"]
[Round "2"]
[White "jtrochez1"]
[Black "ekulrac"]
[Result "0-1"]
[WhiteCountry "HON"]
[BlackCountry "SCO"]
[WhiteElo "1455"]
[WhiteRD "54"]
[BlackElo "1726"]
[BlackRD "67"]
[GameID "146395"]

1. e4 Nc6 2. Nf3 e5 3. Bc4 Nf6 4. Ng5 d5 5. exd5 Na5 6. Nxf7 Kxf7 7. d6+ Nxc4 8. dxc7 Qxc7 9. d3 Nb6 10. Nc3 Bd7
11. Bd2 Bc6 12. f3 Bc5 13. Ne4 Nxe4 14. fxe4 Rhf8 15. Qh5+ Kg8 16. O-O-O Be8 17. Qe2 Rc8 18. Rhf1 Rxf1 19. Rxf1 Bf7 20. b3 Ba3+
21. Kd1 Qxc2+ 22. Ke1 Bc5 23. Bg5 Qxe2+ 24. Kxe2 Bd4 25. Be3 Rc2+ 26. Kf3 Bxe3 27. Kxe3 Rxg2 28. d4 exd4+ 29. Kxd4 Rxh2 30. Rd1 Rxa2
31. b4 Kf8 32. e5 Be6 33. Kc5 Ke7 34. b5 h5
0-1